000 00571cam a22002291 4500
001 sa 66006239
003 DLC
005 20260227112255.0
008 891030s1966 ii 000 0 hino
010 _asa 66006239
035 _a(OCoLC)20572291
040 _aDLC
_cWaU
_dDLC
042 _apremarc
043 _aa-ii---
_aa-pk---
050 0 0 _aPK2098.14.R3
_bK5
100 1 _aBhramar, Ramkumar,
_d1936-
245 1 0 _aKhūna kī āvāza.
260 _c[1966]
300 _a128 p.
_c19 cm.
500 _aIn Hindi.
650 0 _aIndia-Pakistan Conflict, 1965
_vDrama.
999 _c70403
_d70403